000 00615nam a2200229 i 4500
001 C2-0107231
003 PPAK
005 20180727102158.0
008 970616s1994 enka|||| ||||| | eng d
040 _aPPAK
_beng
_cPPAK
_erda
082 0 4 _a428.6
_223
090 0 0 _a428.6
_bLIV
_dK
100 1 _aLively, Penelope,
_eauthor
245 1 0 _aGood night, sleep tight
264 1 _aLondon :
_bWalker Books ,
_c1994
300 _a[23 pages] :
_bcolour illustrations ;
_c26 cm
336 _2rdacontent
_atext
337 _2rdamedia
_aunmediated
338 _2rdacarrier
_avolume
650 1 0 _aReaders
942 _ddc
_cB
999 _c26300
_d26300